Manažment III : systémový prístup k manažmentu a auditu organizácie
Saved in:
| Main Authors: | , |
|---|---|
| Format: | Book |
| Language: | Slovak |
| Published: |
Bratislava :
Iura Edition,
2012
|
| Series: | Ekonómia
438. |
| Subjects: | |
| Tags: |
No Tags, Be the first to tag this record!
|
MARC
| LEADER | 00000nam a22000003a 4500 | ||
|---|---|---|---|
| 001 | stu272757 | ||
| 005 | 20150617230234.0 | ||
| 008 | 130807s2012----xo------------------slo-d | ||
| 040 | |a STU |b slo | ||
| 041 | 0 | |a slo | |
| 044 | |a xo | ||
| 080 | |a 65 | ||
| 100 | 1 | |a Závadský, Ján |4 aut | |
| 245 | 1 | |a Manažment III : |b systémový prístup k manažmentu a auditu organizácie | |
| 260 | |a Bratislava : |b Iura Edition, |c 2012 | ||
| 300 | |a 174 s | ||
| 650 | 7 | |a manažment |2 stusub | |
| 700 | 1 | |a a kol. |4 aut | |
| 830 | 0 | |a Ekonómia |v 438. | |
| 996 | |b 284M085325 |c M*13529/3-3 |l MMST |s A |a 24 |w stu272757_0001 | ||
| 996 | |b 284M085323 |c M*13529/3-1 |l MMKN |s A |a 24 |w stu272757_0002 | ||
| 996 | |b 284M085324 |c M*13529/3-2 |l MMKN |s A |a 24 |w stu272757_0003 | ||